00338 a2200097 4500001001000000005001700010008004100027245006500068100003100133773007600164ART_4704320260410162013.0260409a 10aEl análisis económico en el procedimiento administrativo1 aBalbín, Carlos Francisco0 tTemas de derecho administrativog- Año 3, N° 8 (ago. 2018)wREV40468